000 01203 a2200193 4500
003 Nust
005 20170207153210.0
020 _a0074515985
040 _cNust
082 _a621.381
100 _aN D Deshpande
245 _aCommunication electronics
_cN D Deshpande & D A Deshpande
260 _aTata McGraw-Hill Company
_bNew Delhi
_c2002
300 _a418 p
_billus
_c24 cm
505 _aImportance of communication Electronics (Page-1) Equivalent Circuits and Effectives Parameters of communications (Page-12) Amplitude Modulation (Page-31) Frequency and Phase Modulation (Page-62) Demodulation of AM and FM Waves (Page-83) Analog (AM and FM) Transmission Systems (Page-101) Radio Receiver (Page-126) Introduction to television systems (Page-174) Camera and Picture tube (Page-191)Scanning Synchronization and Composites Video Signal (Page-209) TV Receivers and Transmitters (Page-228) Digital and data communication (Page-264) Radar Communication (Page-288) Transmission lines and Antenna (Page-305) Wave Propagation (Page-343) Satellite in Communication and Global TV Series (Page-365)
538 _aAlmirah No. 32 Shelf No. 5
600 _aN D Deshpande
650 _aCommunication electronics
942 _2ddc
_cBK
999 _c181332
_d181332